000 00358nam a2200145Ia 4500
008 240624s9999 xx 000 0 und d
041 _aeng
082 _a515 FLE
100 _aFLETCHER R
245 _aPRACTICAL METHODS OF OPTIMIZATION
250 _a(2nd ed.)
260 _c2003
_aChichester
_bJohn Wiley
300 _axiv, : 436 : P. : cm. ; 26
365 _c
999 _c3522
_d3522